| 000 | 00608nam a22001935i 4500 | ||
|---|---|---|---|
| 001 | 167800 | ||
| 003 | ES-MaACL | ||
| 005 | 20250717063051.0 | ||
| 008 | 020829s1878 fr |||| | fre d | ||
| 040 |
_aCCPB | B _bspa _cCCPB | B |
||
| 100 | 0 |
_aVoltaire, _d1694-1778 _9115721 |
|
| 245 | 1 | 0 |
_aVoltaire _b: oeuvres choisies. |
| 250 | _aÉd. du Centenaire 30 mai 1878. | ||
| 260 |
_aParis : _baux bureaux du Comité Central, _c1878 ( _fTipographie Lahure) |
||
| 300 |
_a1000 p. ; _c19 cm. |
||
| 752 |
_aFrancia - _dParís |
||
| 852 |
_aES-MaACL _jD-4668 _z-- Enc. hol. |
||
| 999 |
_c167800 _d167800 |
||